000 00289nam a22001337a 4500
008 171228b xxu||||| |||| 00| 0 eng d
020 _a9780073137544
041 _aeng
080 _a330
100 _a62
101 _aKON
245 _aMANAGERIAL ACCOUNTING
_cGarrison
942 _2udc
_cBK
999 _c39538
_d39538